000 00660nam a2200241Ia 4500
003 OSt
005 20221005085931.0
006 a|||||r|||| 00| 0
007 ta
008 221004b |||||||| |||| 00| 0 eng d
024 _a41699
037 _cTextual
040 _aCRL
_cCRL
_beng
041 _2eng
_aeng
082 _a2:55, N0
100 _aStudwell William E
_945800
245 0 _aLibrary of congress subject headings philosophy practice and prospects
260 _aNew York
_bHawprth
_c1980
300 _a120p.
_ccm.
650 _aLIBRARY SCIENCE
942 _h2:55, N0
_cTEXL
_2cc
999 _c995017
_d995017